000 00293nam a22001337a 4500
008 171101b xxu||||| |||| 00| 0 eng d
020 _a134726138
041 _aeng
080 _23RD
_a339
100 _a59
101 _aTRE
245 _aINTERNATIONAL ECONOMICS
_cKENEN,P,B
942 _2udc
_cBK
999 _c37037
_d37037